Kvalita bývania v SR diplomová práca

Na minha lista:
Detalhes bibliográficos
Autor principal: Bánovská, Paula
Autor Corporativo: Národohospodárska fakulta EU. Katedra sociálneho rozvoja a práce
Outros Autores: Antalová, Mária, 1952-
Formato: Livro
Idioma:eslovaco
Publicado em: Bratislava 2018
Tags: Adicionar Tag
Sem tags, seja o primeiro a adicionar uma tag!

MARC

LEADER 00000nbm a2200000 4500
001 0244383
005 20181113142814.7
041 0 |a slo 
044 |a SK 
245 1 0 |a Kvalita bývania v SR  |b diplomová práca  |c Paula Bánovská ; školiteľ: Mária Antalová 
264 1 |a Bratislava  |c 2018 
300 |a 64 s. 
100 1 |a Bánovská, Paula 
700 1 |a Antalová, Mária, 1952- 
710 2 |a Národohospodárska fakulta EU. Katedra sociálneho rozvoja a práce